Quiz Géographie - Culture Générale - Bretagne - Statistiques

Statistiques générales
  • Ce quiz a été pris 444 fois
  • Le résultat moyen est 6 sur 10
Statistiques - réponses
Question Réponse % Correct
Dans quel département se trouve l'ile de Bréhat ? Cotes d'Armor
69%
Lequel de ces département n'est pas frontalier avec la région bretagne ? Sarthe
68%
Dans quel département se trouve le point culminant de la région ? Finistère
62%
Quelle est la deuxième commune la plus peuplée des Cotes d'Armor ? Lannion
62%
Quel est l'ancien nom de Rennes ? Condate
61%
Quelle est la rivière qui traverse la ville de Quimper ? L'Odet
61%
Quelle le plus grand port de pèche de bretagne ? Lorient
60%
Quelle est la population de la bretagne en 2019 ? 3 300 000 hab.
58%
Qui est le Président(e) du conseil régional de Bretagne ? Loïg Chesnais-Girard
47%
Laquelle de ces personnalités n'est pas né en Bretagne ? Martial Tricoche (membre de Manau)
34%
Aucun quiz correspondant
Distribution des résultats
% des personnes avec chaque résultat
Percentile par nombre de réponses
Votre historique - résultats
Vous n’avez pas pris ce quiz